Normal view
MARC view
- William Guy Carr
Entry Personal Name
001 - CONTROL NUMBER
- control field: 112121
003 - CONTROL NUMBER IDENTIFIER
- control field: NUST
005 - DATE AND TIME OF LATEST TRANSACTION
- control field: 20230504133132.0
008 - FIXED-LENGTH DATA ELEMENTS
- fixed length control field: 230504|| aca||aabn | a|a d
040 ## - CATALOGING SOURCE
- Original cataloging agency: NUST
- Transcribing agency: NUST
100 ## - HEADING--PERSONAL NAME
- Personal name: William Guy Carr
670 ## - SOURCE DATA FOUND
- Source citation: Work cat.: (NUST)184076: William Guy Carr, Good hunting being volume three of "by Guess and by God" /, 1940
